| 000 | 04226cam a2200865 a 4500 | ||
|---|---|---|---|
| 999 | _c57762 | ||
| 001 | 11862461 | ||
| 003 | LIBRIS | ||
| 005 | 20210506151644.0 | ||
| 008 | 100602s2010 sw ||||j||||||000 1|swe| | ||
| 020 |
_a9789172215931 _qinb. |
||
| 040 |
_aLGEN _dS _ea |
||
| 041 | 1 |
_aswe _hger |
|
| 082 | 0 | 4 |
_a833.914 _222 |
| 084 |
_aHf=c,u _2kssb/8 |
||
| 100 | 1 |
_aDörrie, Doris, _d1955- _4aut _0https://libris.kb.se/c9psz1hw2wxqrkd#it |
|
| 240 | 1 | 0 |
_aLotte will Prinzessin sein. _lSvenska |
| 245 | 1 | 0 |
_aLotta vill vara prinsessa / _ctext av Doris Dörrie ; bilder av Julia Kaergel ; översättning från tyskan av Gun-Britt Sundström. |
| 250 | _a[Ny utg.] | ||
| 264 | 1 |
_aStockholm : _bEn bok för alla, _c2010 |
|
| 264 | 3 | _aBelgien | |
| 300 |
_a[30] s. _bill. _c31 cm |
||
| 340 | _b31 cm | ||
| 500 | _aFörsta svenska upplaga 2001 | ||
| 650 | 7 |
_aMor och dotter _vbarn- och ungdomslitteratur _2barn |
|
| 650 | 7 |
_aBrådska _vbarn- och ungdomslitteratur _2barn |
|
| 650 | 7 |
_aTrots _vbarn- och ungdomslitteratur _2barn |
|
| 650 | 7 |
_aKläder _vbarn- och ungdomslitteratur _2barn |
|
| 655 | 7 |
_aBilderböcker _0https://id.kb.se/term/barngf/Bilderb%C3%B6cker _2barngf |
|
| 700 | 1 |
_aKaergel, Julia _4ill _49pu |
|
| 700 | 1 |
_aSundström, Gun-Britt, _d1945- _4trl _0https://libris.kb.se/rp3568k94z3hj45#it |
|
| 887 |
_a{"@id":"1kcdnpvc5259xg1","modified":"2018-10-30T23:00:00+01:00","checksum":"160992153633"} _2librisxl |
||
| 887 |
_a{"@id":"lqx3ngnr0s5c9r8","modified":"2010-12-02T08:14:14+01:00","checksum":"94901204082"} _2librisxl |
||
| 887 |
_a{"@id":"48gnrgq9322h90l","modified":"2017-02-06T18:02:04+01:00","checksum":"85364463049"} _2librisxl |
||
| 887 |
_a{"@id":"7ckrrv2d06z8nnv","modified":"2011-01-28T14:59:44+01:00","checksum":"61857013511"} _2librisxl |
||
| 887 |
_a{"@id":"59hs1gtb392v84c","modified":"2011-09-07T15:21:46+02:00","checksum":"95377613706"} _2librisxl |
||
| 887 |
_a{"@id":"nxkz8nkbl5hzsxh7","modified":"2019-03-11T18:16:20.785+01:00","checksum":"76473049809"} _2librisxl |
||
| 887 |
_a{"@id":"bgnt06lh3t9jhqm","modified":"2010-11-01T15:54:18+01:00","checksum":"83694354518"} _2librisxl |
||
| 887 |
_a{"@id":"7cld092d1ww4nk5","modified":"2015-07-01T16:37:08+02:00","checksum":"52177636735"} _2librisxl |
||
| 887 |
_a{"@id":"fkrxb12l2j5mhbv","modified":"2010-11-23T10:32:55+01:00","checksum":"99170001344"} _2librisxl |
||
| 887 |
_a{"@id":"08wm7x24xz3mh21s","modified":"2019-03-14T11:16:33.817+01:00","checksum":"83783267696"} _2librisxl |
||
| 887 |
_a{"@id":"lqx420sr0mv2jfl","modified":"2011-01-17T11:23:29+01:00","checksum":"103626218813"} _2librisxl |
||
| 887 |
_a{"@id":"37gdswm822j1fkw","modified":"2016-02-25T09:59:37+01:00","checksum":"53027115471"} _2librisxl |
||
| 887 |
_a{"@id":"6jwmhbl44wfcqvsf","modified":"2020-06-10T11:16:24.608+02:00","checksum":"88725687669"} _2librisxl |
||
| 887 |
_a{"@id":"04c5qvh521nwzjg","modified":"2015-06-25T10:06:23+02:00","checksum":"93325239318"} _2librisxl |
||
| 942 |
_2z _cBOOK |
||